Detalles MARC
| 000 -LEADER |
| fixed length control field |
01082nam a2200313 a 4500 |
| 001 - CONTROL NUMBER |
| control field |
|
| 003 - CONTROL NUMBER IDENTIFIER |
| control field |
DO-SdBNP |
| 005 - DATE AND TIME OF LATEST TRANSACTION |
| control field |
20211123115712.0 |
| 008 - FIXED-LENGTH DATA ELEMENTS--GENERAL INFORMATION |
| fixed length control field |
091012s2009 dr a 000 f spa d |
| 020 ## - INTERNATIONAL STANDARD BOOK NUMBER |
| International Standard Book Number |
9789993456469 |
| 040 ## - CATALOGING SOURCE |
| Original cataloging agency |
DO-SdBNP |
| Language of cataloging |
spa |
| Transcribing agency |
BPMSU |
| 082 ## - DEWEY DECIMAL CLASSIFICATION NUMBER |
| Classification number |
RD863.44 |
| Item number |
T866s, 2009 |
| Edition number |
22 |
| 100 1# - MAIN ENTRY--PERSONAL NAME |
| Personal name |
Trujillo Ricart , Aída, |
| Dates associated with a name |
1952- |
| 245 10 - TITLE STATEMENT |
| Title |
A la sombra de mi abuelo / |
| Statement of responsibility, etc. |
Aída Trujillo. |
| 260 ## - PUBLICATION, DISTRIBUTION, ETC. (IMPRINT) |
| Place of publication, distribution, etc. |
Santo Domingo : |
| Name of publisher, distributor, etc. |
Norma, |
| Date of publication, distribution, etc. |
2009. |
| 300 ## - PHYSICAL DESCRIPTION |
| Extent |
331 p. : |
| Other physical details |
il., retrs. ; |
| Dimensions |
23 cm. |
| 500 ## - GENERAL NOTE |
| General note |
Incluye datos biográficos de la autora en las solapas |
| 586 ## - AWARDS NOTE |
| Awards note |
Premio Nacional de Novela 2008 |
| 590 ## - LOCAL NOTE (RLIN) |
| Local note |
Inventariado, 2021/VM |
| 600 #0 - SUBJECT ADDED ENTRY--PERSONAL NAME |
| Personal name |
Trujillo Molina, Rafael Leónidas, |
| Dates associated with a name |
1891-1961 |
| 600 z# - SUBJECT ADDED ENTRY--PERSONAL NAME |
| Personal name |
Chapita, |
| Dates associated with a name |
1891-1961 |
| 600 z# - SUBJECT ADDED ENTRY--PERSONAL NAME |
| Personal name |
Molina, Rafael Leónidas Trujillo, |
| Dates associated with a name |
1891-1961 |
| 600 z# - SUBJECT ADDED ENTRY--PERSONAL NAME |
| Personal name |
Trujillo, Rafael Leónidas, |
| Dates associated with a name |
1891-1961 |
| 650 #4 - SUBJECT ADDED ENTRY--TOPICAL TERM |
| Topical term or geographic name as entry element |
Novela histórica dominicana. |
| 650 #4 - SUBJECT ADDED ENTRY--TOPICAL TERM |
| Topical term or geographic name as entry element |
Literatura histórica dominicana |
| 651 #4 - SUBJECT ADDED ENTRY--GEOGRAPHIC NAME |
| Geographic name |
República Dominicana |
| General subdivision |
Historia |
| Chronological subdivision |
Era de Trujillo,1931-1961 |
| 910 ## - USER-OPTION DATA (OCLC) |
| User-option data |
VMateo V. |
| 942 ## - ADDED ENTRY ELEMENTS (KOHA) |
| Source of classification or shelving scheme |
Dewey Decimal Classification |
| Koha item type |
Libros |